[Event "Utrecht OKU op 45th"]
[Site "Utrecht"]
[Date "2018.06.02"]
[Round "4"]
[White "Bauer, Jelle"]
[Black "De Boer, Eelke"]
[Result "0-1"]
[WhiteElo "1944"]
[BlackElo "2317"]
[PlyCount "50"]
[EventDate "2018.06.01"]
[EventType "swiss"]
[EventRounds "6"]
[EventCountry "NED"]
[SourceTitle "EXT 2019"]
[Source "ChessBase"]
[SourceDate "2018.10.10"]
[SourceVersion "1"]
[SourceVersionDate "2018.10.10"]
[SourceQuality "1"]

1. e4 c5 2. Nf3 d6 3. d4 cxd4 4. Nxd4 Nf6 5. Nc3 a6 6. f3 e5 7. Nb3 Be6 8. Be3 h5 9. Qd2 Nbd7 10. 0-0-0 Be7 11. Kb1 b5 12. Qf2 Rb8 13. g3 b4 14. Nd5 Bxd5 15. exd5 a5 16. Bc4 a4 17. Nd2 Qa5 18. Ne4 0-0 19. Qd2 Rfc8 20. Bf1 Nb6 21. Bxb6 Qxb6 22. Nxf6+ Bxf6 23. Bd3 a3 24. b3 Qd4 25. Qc1 e4 0-1